• 首页
  • 本馆介绍
  • 公告通知
  • 最新文献
  • 馆藏检索
  • 电子资源
  • 读者导购
  • 参考咨询
  • 我的图书馆
  • 登录
  • 详细信息显示
  • 放入我的书架
  • 预约/预借图书
  • 作者相关作品
  • 分类相关作品
  • 丛书相关作品
  • 出版社相关作品

书目信息

  • 表格格式
  • 工作单格式
  • 卡片格式
题名:
全球导航卫星系统及其应用
    
 
作者: 刘基余 编著
分册:  
出版信息: 北京   测绘出版社  2015
页数: 440页
开本: 24cm
丛书名:
单 册:
中图分类: P228.4
科图分类:
主题词: 卫星导航--Wei Xing Dao Hang--全球定位系统
电子资源:
ISBN: 978-7-5030-3590-6
000 01005nam0 22002531 450
001 0101082542
005 20161201144512.10
010    @a978-7-5030-3590-6@dCNY59.00
100    @a20160113d2015 em y0chiy50 ea
101 0  @achi@eeng
102    @aCN@b110000
105    @aa z 000yy
106    @ar
200 1  @a全球导航卫星系统及其应用@AQuan Qiu Dao Hang Wei Xing Xi Tong Ji Qi Ying Yong@dGlobal navigation satellite system and its applications@f刘基余编著@zeng
210    @a北京@c测绘出版社@d2015
215    @a440页@c图@d24cm
300    @a测绘地理信息科技出版基金项目
330    @a本书共分五章,内容包括:GNSS全球导航卫星系统的现况与发展、导航卫星及其特性、GNSS导航信号、GNSS信号接收机、GNSS开创平民百姓出行的便捷之途。
510 1  @aGlobal navigation satellite system and its applications@zeng
606 0  @a卫星导航@AWei Xing Dao Hang@x全球定位系统
690    @aP228.4@v5
701  0 @a刘基余@ALiu Ji Yu@f(1936~)@4编著
801  0 @aCN@bTANGWEI@c20161128
905    @b0952426-30@dP228.4@e251@f5
    
    全球导航卫星系统及其应用=Global navigation satellite system and its applications/刘基余编著.-北京:测绘出版社,2015
    440页:图;24cm
    测绘地理信息科技出版基金项目
    
    ISBN 978-7-5030-3590-6:CNY59.00
    本书共分五章,内容包括:GNSS全球导航卫星系统的现况与发展、导航卫星及其特性、GNSS导航信号、GNSS信号接收机、GNSS开创平民百姓出行的便捷之途。
●
相关链接 在E读中查询图书 在五车中查询图书 在当当中查询图书 在豆瓣中查询图书


正题名:全球导航卫星系统及其应用     索取号:P228.4/251         预约/预借

序号 登录号 条形码 馆藏地/架位号 状态 备注
1 0952426   209524264   第二样本阅览室/ [索取号:P228.4/251] 在馆    
2 0952427   209524273   第三借阅区/ [索取号:P228.4/251] 在馆    
3 0952428   209524282   第三借阅区/ [索取号:P228.4/251] 在馆    
4 0952429   209524291   第三借阅区/ [索取号:P228.4/251] 在馆    
5 0952430   209524308   第三借阅区/ [索取号:P228.4/251] 在馆    
唐山师范学院图书馆 欢迎您!
大连网信软件有限公司© 版权所有